000 00417cam a2200181ua 4500
020 _c5.80
041 _ahin
_h
082 _a891.54
_bGUL/PR
100 _aGulab, Ray .
245 _aPrabandh prabhakar /
_cGulab Ray.
_hTextual Documents
250 _a11 /
_b.
260 _aIlahabad :
_bHindi Bhavan ,
_c1961.
300 _a448 ; .
365 _a5.80
504 _a
942 _cBK
999 _c6384
_d6384